[Event "Benasque"]
[Site "?"]
[Date "1994.??.??"]
[Round "?"]
[White "Lalic, B."]
[Black "Komarov, D."]
[Result "1-0"]
[WhiteElo "2530"]
[BlackElo "2565"]
[PlyCount "87"]
[EventDate "1994.??.??"]
[Source "ChessBase"]
[SourceDate "1994.06.01"]

1. c4 Nf6 2. Nc3 e5 3. g3 Bb4 4. Bg2 O-O 5. e4 Nc6 6. Nge2 Bc5 7. O-O d6 8. h3 a6 9. d3 Bd7 10. Kh2 Nd4 11. f4 h6 12. a4 Rb8 13. a5 b5 14. axb6 Rxb6 15. Nxd4 Bxd4 16. Ra2 Qe7 17. Ne2 Bc5 18. f5 c6 19. g4 d5 20. Nc3 dxc4 21. Na4 Rb4 22. g5 hxg5 23. Nxc5 Qxc5 24. Bxg5 Nh7 25. Bd2 Rb3 26. Bc3 Rb5 27. Rxa6 Nf6 28. d4 exd4 29. Qxd4 Qxd4 30. Bxd4 Re8 31. Ra7 Bc8 32. e5 Nd5 33. e6 Rb7 34. Rxb7 Bxb7 35. Rg1 Ne7 36. Be4 g6 37. exf7+ Kxf7 38. fxg6+ Kg8 39. Rg4 c5 40. Bxc5 Nd5 41. Rh4 Rxe4 42. Rxe4 Nf6 43. Re7 Be4 44. Bd4 1-0

[Event "Circusol I"]
[Site "Circusol I Fortaleza"]
[Date "1994.??.??"]
[Round "8"]
[White "Sunye Neto, Jaime"]
[Black "Milos, Gilberto"]
[Result "1-0"]
[WhiteElo "2530"]
[BlackElo "2565"]
[PlyCount "75"]
[EventDate "1994.??.??"]
[Source "www.chesslib.no"]
[SourceDate "2004.05.04"]

1. c4 e5 2. Nc3 Bb4 3. g3 Nf6 4. Bg2 O-O 5. Nf3 Bxc3 6. bxc3 d6 7. O-O Nbd7 8. d3 e4 9. Nd4 Re8 10. f3 exd3 11. exd3 Nc5 12. Qd2 Qe7 13. Ba3 Qe3+ 14. Qxe3 Rxe3 15. Nb5 Bd7 16. Nxc7 Rc8 17. Nb5 Bxb5 18. cxb5 Nxd3 19. Bxd6 Rxc3 20. Rfd1 h5 21. a4 h4 22. gxh4 a6 23. bxa6 bxa6 24. Ra3 Nb2 25. Rxc3 Rxc3 26. Rd4 Nd3 27. Bg3 a5 28. Bf1 Nc5 29. Be1 Rxf3 30. Bxa5 Ra3 31. Rd8+ Kh7 32. Bb4 Rxa4 33. Bxc5 Rg4+ 34. Kh1 Ne4 35. Bd3 f5 36. Bxe4 Rxe4 37. Bf2 Kg6 38. Rd2 1-0

[Event "Calvia (ol)"]
[Site "?"]
[Date "2004.??.??"]
[Round "?"]
[White "Johansen, D."]
[Black "Avrukh, B."]
[Result "0-1"]
[WhiteElo "2480"]
[BlackElo "2610"]
[PlyCount "99"]
[EventDate "2004.??.??"]
[Source "Chess Informant"]
[SourceDate "2004.10.01"]

1. c4 Nf6 2. Nc3 e5 3. g3 Bb4 4. Bg2 O-O 5. e4 Bxc3 6. dxc3 Na6 7. Ne2 Nc5 8. Qc2 d6 9. h3 a5 10. O-O Be6 11. b3 Nfd7 12. f4 a4 13. Be3 axb3 14. axb3 Rxa1 15. Rxa1 f5 16. fxe5 dxe5 17. exf5 Bxf5 18. Qd1 c6 19. b4 Nd3 20. Qd2 Bg6 21. c5 Nf6 22. Bg5 h6 23. Bh4 Qd7 24. Bxf6 Rxf6 25. Qe3 Qf7 26. Rd1 Qb3 27. Qd2 Rf2 28. Rf1 Rxf1+ 29. Bxf1 Qb1 30. g4 Bf7 31. g5 h5 32. h4 Bg6 33. Ng3 e4 34. Ne2 Bf5 35. Ng3 Bg6 36. Ne2 Bf7 37. Nd4 Ne5 38. Kg2 Bd5 39. Qe3 Ng4 40. Qf4 e3+ 41. Kg1 Qe1 42. Qb8+ Kh7 43. g6+ Kxg6 44. Qe8+ Kh7 45. Qxh5+ Nh6 46. Qe2 Qg3+ 47. Bg2 Ng4 48. Nf3 Qf2+ 49. Qxf2 exf2+ 50. Kf1 0-1

[Event "Open"]
[Site "Boeblingen"]
[Date "1985.??.??"]
[Round "?"]
[White "Browne, Walter S"]
[Black "Hort, Vlastimil"]
[Result "0-1"]
[WhiteElo "2530"]
[BlackElo "2560"]
[PlyCount "88"]
[EventDate "1985.??.??"]
[Source "www.chesslib.no"]
[SourceDate "2004.05.04"]

1. c4 e5 2. Nc3 Bb4 3. g3 Nf6 4. Bg2 O-O 5. Qb3 a5 6. a3 Bxc3 7. Qxc3 Re8 8. Nf3 d5 9. d3 Nc6 10. Bg5 d4 11. Qc2 h6 12. Bxf6 Qxf6 13. Nd2 Bg4 14. O-O Qe7 15. Rae1 a4 16. Kh1 Qd7 17. Ne4 Ra5 18. f4 exf4 19. Rxf4 f5 20. Nf2 Bh5 21. g4 fxg4 22. Bd5+ Kh8 23. Ne4 Ne7 24. Bxb7 Rf5 25. Qd2 c6 26. Ref1 Bg6 27. Qb4 Rxf4 28. Rxf4 Bxe4+ 29. Rxe4 g3 30. Kg2 gxh2 31. Kxh2 Nf5 32. Rxe8+ Qxe8 33. Bxc6 Qxe2+ 34. Bg2 Ne3 35. Qf8+ Kh7 36. Qf3 Qxg2+ 37. Qxg2 Nxg2 38. Kxg2 Kg6 39. Kf3 Kf5 40. Kg3 g5 41. Kf3 h5 42. Kg3 h4+ 43. Kf3 g4+ 44. Kf2 Kf4 0-1

[Event "Memorial Xose Enrique Rodriguez Pena"]
[Site "Ourense SPA"]
[Date "2007.06.07"]
[Round "1"]
[White "Paunovic, D."]
[Black "Korneev, O."]
[Result "1/2-1/2"]
[WhiteElo "2524"]
[BlackElo "2565"]
[PlyCount "83"]
[EventDate "2007.06.07"]
[Source "www.chesslib.no"]
[SourceDate "2004.05.04"]

1. c4 e5 2. Nc3 Nf6 3. e3 Bb4 4. Nge2 c6 5. a3 Ba5 6. b4 Bc7 7. Bb2 O-O 8. Ng3 Re8 9. Be2 d5 10. cxd5 cxd5 11. Nb5 Bb6 12. d4 e4 13. O-O Nc6 14. Rc1 g6 15. Re1 h5 16. h3 a6 17. Nc3 Bc7 18. b5 Bxg3 19. fxg3 Ne7 20. g4 hxg4 21. hxg4 Kg7 22. Rf1 Qd6 23. g5 Nh7 24. Nxe4 Qe6 25. Nf6 Qxe3+ 26. Rf2 Rh8 27. Rc3 Qxg5 28. Bc1 Qh4 29. Rf4 Qxf6 30. Rxf6 Nxf6 31. Bf3 axb5 32. Bf4 Nc6 33. Be5 Nxe5 34. dxe5 Ne4 35. Bxe4 dxe4 36. Qd4 Ra4 37. Qb6 Be6 38. Qxb5 Rha8 39. Qxb7 Rxa3 40. Rxa3 Rxa3 41. Qxe4 Rc3 42. Qf4 1/2-1/2

[Event "Biel Open"]
[Site "Biel SUI"]
[Date "1994.??.??"]
[Round "10"]
[White "Gutman, Lev"]
[Black "Chernin, Alexander M"]
[Result "1/2-1/2"]
[WhiteElo "2450"]
[BlackElo "2630"]
[PlyCount "46"]
[EventDate "1994.07.??"]
[Source "www.chesslib.no"]
[SourceDate "2004.05.04"]

1. c4 Nf6 2. Nc3 e5 3. d3 g6 4. Bg5 h6 5. Bxf6 Qxf6 6. g3 Bg7 7. Bg2 O-O 8. Nf3 Qd8 9. Nd2 d6 10. O-O Nc6 11. Rc1 a6 12. a3 Ne7 13. b4 c6 14. Nb3 Be6 15. a4 f5 16. a5 Kh8 17. Na4 Rb8 18. d4 e4 19. Nb6 Nc8 20. d5 Bf7 21. Nxc8 Rxc8 22. Qd2 cxd5 23. cxd5 Qg5 1/2-1/2

[Event "ISL-FRA"]
[Site "Reykjavik"]
[Date "1993.??.??"]
[Round "4"]
[White "Dorfman, Josif D"]
[Black "Stefansson, Hannes"]
[Result "1/2-1/2"]
[WhiteElo "2580"]
[BlackElo "2495"]
[PlyCount "47"]
[EventDate "1993.??.??"]
[Source "ChessBase"]

1. c4 Nf6 2. Nc3 e5 3. g3 Bb4 4. Bg2 O-O 5. e4 Bxc3 6. bxc3 d6 7. Ne2 a6 8. O-O b5 9. d4 bxc4 10. f3 Nfd7 11. g4 d5 12. exd5 Bb7 13. f4 exd4 14. Nxd4 Nb6 15. Nf5 N8d7 16. g5 f6 17. Ba3 Rf7 18. Nd4 fxg5 19. Ne6 Qf6 20. Nxg5 Qxc3 21. Rf3 Qf6 22. Nxf7 Qxf7 23. Bb2 Nf6 24. Rg3 1/2-1/2

[Event "Open"]
[Site "?"]
[Date "1999.07.01"]
[Round "6"]
[White "Marin Mihail"]
[Black "Delchev Aleksander"]
[Result "1/2-1/2"]
[WhiteElo "2525"]
[BlackElo "2548"]
[PlyCount "31"]
[EventDate "1999.??.??"]
[Source "www.chesslib.no"]
[SourceDate "2004.05.04"]

1. c4 Nf6 2. Nc3 e5 3. g3 Bb4 4. Bg2 O-O 5. Nf3 Re8 6. O-O c6 7. d3 h6 8. e4 Na6 9. Bd2 Bf8 10. h3 Nc7 11. Re1 d6 12. d4 Ne6 13. d5 Nc5 14. Qc2 a5 15. Be3 Bd7 16. dxc6 1/2-1/2

[Event "Ermioni Argolidas GRE"]
[Site "?"]
[Date "2005.07.10"]
[Round "8"]
[White "Solak Dragan"]
[Black "Svetushkin Dmitry"]
[Result "1/2-1/2"]
[WhiteElo "2557"]
[BlackElo "2514"]
[PlyCount "39"]
[EventDate "2005.??.??"]
[Source "www.chesslib.no"]
[SourceDate "2004.05.04"]

1. c4 Nf6 2. Nc3 e5 3. g3 Bb4 4. Bg2 Bxc3 5. bxc3 O-O 6. d3 c6 7. e4 d5 8. cxd5 cxd5 9. exd5 Nxd5 10. Ne2 Nc6 11. O-O Be6 12. d4 exd4 13. Nxd4 Nxc3 14. Nxe6 Qxd1 15. Rxd1 fxe6 16. Re1 Kf7 17. Bb2 Nd5 18. Rad1 Rad8 19. Rd3 Rfe8 20. Rf3+ 1/2-1/2

[Event "World Cup VII Final"]
[Site "World Cup VII Final"]
[Date "1994.??.??"]
[Round "?"]
[White "Popov, Dr. Albert Egorovic"]
[Black "Veinger, Itzhak"]
[Result "0-1"]
[WhiteElo "2485"]
[BlackElo "2585"]
[PlyCount "70"]
[EventDate "1994.??.??"]
[Source "www.chesslib.no"]
[SourceDate "2004.05.04"]

1. c4 Nf6 2. Nc3 e5 3. g3 Bb4 4. Bg2 O-O 5. e4 Bxc3 6. dxc3 d6 7. Ne2 a6 8. a4 Be6 9. b3 Nbd7 10. a5 b6 11. f3 Qb8 12. Be3 b5 13. cxb5 Qxb5 14. c4 Qb4+ 15. Bd2 Qb7 16. O-O Rab8 17. Ra3 c6 18. Qc1 Rfe8 19. g4 d5 20. exd5 cxd5 21. g5 Nh5 22. f4 Qa7+ 23. Kh1 Bg4 24. Nc3 d4 25. Ne4 exf4 26. Bxf4 Ne5 27. Qd2 Nxf4 28. Qxf4 Be2 29. Rfa1 d3 30. c5 Ng6 31. Qf2 Rb4 32. Ra4 Rxb3 33. Rd4 Reb8 34. h4 Qc7 35. Nd6 Ne5 0-1

[Event "2. Bundesliga Mitte 04/05"]
[Site "Austria"]
[Date "2004.11.27"]
[Round "3"]
[White "Stohl, Igor"]
[Black "Timoscenko, Genadij"]
[Result "1/2-1/2"]
[WhiteElo "2561"]
[BlackElo "2504"]
[PlyCount "57"]
[EventDate "2004.11.27"]
[Source "Roberto Alvarez"]
[SourceDate "2004.12.13"]

1. c4 e5 2. Nc3 Nf6 3. e3 Bb4 4. Nge2 O-O 5. a3 Bxc3 6. Nxc3 d5 7. cxd5 Nxd5 8. Qc2 Nxc3 9. bxc3 c5 10. Be2 Re8 11. c4 Bd7 12. Bb2 Bc6 13. O-O Qg5 14. f3 Nd7 15. Rf2 Rad8 16. Bf1 Nf8 17. Qc3 f6 18. Qa5 Nd7 19. Rd1 Qg6 20. d4 exd4 21. exd4 cxd4 22. Rxd4 Rc8 23. Bd3 Qf7 24. Qf5 Kf8 25. Re2 Rxe2 26. Bxe2 Re8 27. Bf1 Qe7 28. Qc2 Qc5 29. Qf2 1/2-1/2

[Event "Karseladze Memorial"]
[Site "Kutaisi"]
[Date "1978.??.??"]
[Round "?"]
[White "Dvoretzky, Mark"]
[Black "Kholmov, Ratmir D"]
[Result "1-0"]
[WhiteElo "2525"]
[BlackElo "2540"]
[PlyCount "99"]
[EventDate "1978.??.??"]
[Source "www.chesslib.no"]
[SourceDate "2004.05.04"]

1. c4 Nf6 2. Nc3 e5 3. g3 Bb4 4. Bg2 O-O 5. e4 Nc6 6. Nge2 d6 7. O-O Bc5 8. h3 Ne8 9. d3 f5 10. Kh2 Nd4 11. f4 c6 12. exf5 Bxf5 13. Ne4 Bxe4 14. Bxe4 Nf6 15. Bg2 Qe7 16. Nxd4 Bxd4 17. fxe5 dxe5 18. Qe2 Nd7 19. Bd2 a5 20. Bc3 Qd6 21. Rxf8+ Rxf8 22. Rf1 Rxf1 23. Bxf1 b6 24. h4 Nc5 25. Be1 g6 26. b4 axb4 27. Bxb4 h5 28. Bg2 Kh7 29. Be4 Kg7 30. Qf3 Qf8 31. Bxc5 Bxc5 32. Bxc6 Qxf3 33. Bxf3 Bf2 34. Kg2 Be1 35. Bc6 g5 36. hxg5 Kg6 37. Kf3 Kxg5 38. a4 Kf6 39. Be8 Kg5 40. Ke4 Bxg3 41. c5 bxc5 42. a5 c4 43. dxc4 h4 44. a6 h3 45. Bc6 h2 46. Ke3 e4 47. Bxe4 Bb8 48. Kd4 Kf6 49. Kd5 Ba7 50. Bh1 1-0

[Event "EUCup Gr4"]
[Site "Balatonbereny"]
[Date "1994.??.??"]
[Round "?"]
[White "Lalic, Bogdan"]
[Black "Sax, Gyula"]
[Result "1/2-1/2"]
[WhiteElo "2530"]
[BlackElo "2530"]
[PlyCount "23"]
[EventDate "1994.??.??"]
[Source "ChessBase"]

1. c4 Nf6 2. Nc3 e5 3. g3 Bb4 4. Bg2 O-O 5. e4 Bxc3 6. bxc3 c6 7. Ne2 d5 8. cxd5 cxd5 9. exd5 Nxd5 10. O-O Nc6 11. Qb3 Nb6 12. d4 1/2-1/2